000 00474cam a2200193ua 4500
020 _c8.00
041 _aeng
_h
082 _a954.83
_bPAD/HI
100 _aPadmanabha Menon, K P .
245 _aHistory of Kerala, Vol 1 /
_cK P Padmanabha Menon.
_hTextual Documents
250 _a1 /
_b.
260 _aCochin :
_bGovernment Press ,
_c1924.
300 _a562 ; .
365 _a8.00
500 _a**Reference
504 _a
942 _cBK
999 _c7562
_d7562